Automated image detection of retinal pathology (Record no. 11227)
[ view plain ]
| 000 -LEADER | |
|---|---|
| fixed length control field | 02343cam a2200337Ia 4500 |
| 001 - CONTROL NUMBER | |
| control field | CRC00007556PDF |
| 003 - CONTROL NUMBER IDENTIFIER | |
| control field | BD-DhSAU |
| 005 - DATE AND TIME OF LATEST TRANSACTION | |
| control field | 20151012144301.0 |
| 006 - FIXED-LENGTH DATA ELEMENTS--ADDITIONAL MATERIAL CHARACTERISTICS | |
| fixed length control field | m|||||o||d|||||||| |
| 007 - PHYSICAL DESCRIPTION FIXED FIELD--GENERAL INFORMATION | |
| fixed length control field | cr|||| |
| 008 - FIXED-LENGTH DATA ELEMENTS--GENERAL INFORMATION | |
| fixed length control field | 090617s2010 fluaf sb 001 0 eng d |
| 020 ## - INTERNATIONAL STANDARD BOOK NUMBER | |
| International Standard Book Number | 9781420037005 (ebook : PDF) |
| 040 ## - CATALOGING SOURCE | |
| Original cataloging agency | BD-DhSAU |
| Transcribing agency | BD-DhSAU |
| 090 ## - LOCALLY ASSIGNED LC-TYPE CALL NUMBER (OCLC); LOCAL CALL NUMBER (OCLC) | |
| Classification number (OCLC) (R) ; Classification number, CALL (RLIN) (NR) | RE551 |
| Local cutter number (OCLC) ; Book number/undivided call number, CALL (RLIN) | .A98 2010 |
| 092 ## - LOCALLY ASSIGNED DEWEY CALL NUMBER (OCLC) | |
| Classification number | 617.7350754 |
| Item number | A939 |
| 245 00 - TITLE STATEMENT | |
| Title | Automated image detection of retinal pathology |
| Medium | [electronic resource] / |
| Statement of responsibility, etc. | editors, Herbert Jelinek, Michael J. Cree. |
| 260 ## - PUBLICATION, DISTRIBUTION, ETC. (IMPRINT) | |
| Place of publication, distribution, etc. | Boca Raton : |
| Name of publisher, distributor, etc. | CRC Press/Taylor & Francis, |
| Date of publication, distribution, etc. | 2010. |
| 300 ## - PHYSICAL DESCRIPTION | |
| Extent | xviii, 359 p., [16] p. of plates : |
| Other physical details | ill. (some col.) |
| 504 ## - BIBLIOGRAPHY, ETC. NOTE | |
| Bibliography, etc | Includes bibliographical references and index. |
| 505 0# - FORMATTED CONTENTS NOTE | |
| Formatted contents note | Diabetic retinopathy and public health / D. Worsley and D. Simmons -- Detecting retinal pathology automatically with special emphasis on diabetic retinopathy / M.D. Abramoff and M. Niemeijer -- Finding a role for computer-aided early diagnosis of diabetic -- Retinopathy / L.B. B�acklund -- Retinal markers for early detection of eye disease / A. Osareh -- Automated microaneurysm detection for screening / M.J. Cree -- Retinal vascular changes as biomarkers of systemic cardiovascular diseases / N. Cheung, T.Y. Wong and L. Hodgson -- Segmentation of retinal vasculature using wavelets and supervised classification : theory and implementation / J.V.B. Soares and R.M. Cesar Jr. -- Determining retinal vessel widths and detection of width changes / K.H. Fritzsche, C.V. Stewart, and B. Roysam -- Geometrical and topological analysis of vascular branches from fundus retinal images / N.W. Witt ... [et al.] -- Tele-diabetic retinopathy screening and image based clinical decision support / K. Yogesan, F. Reinholz, and I.J. Constable. |
| 530 ## - ADDITIONAL PHYSICAL FORM AVAILABLE NOTE | |
| Additional physical form available note | Also available in print edition. |
| 538 ## - SYSTEM DETAILS NOTE | |
| System details note | Mode of access: World Wide Web. |
| 650 #0 - SUBJECT ADDED ENTRY--TOPICAL TERM | |
| Topical term or geographic name as entry element | Retina |
| General subdivision | Diseases |
| -- | Imaging |
| -- | Data processing. |
| 650 #0 - SUBJECT ADDED ENTRY--TOPICAL TERM | |
| Topical term or geographic name as entry element | Image processing |
| General subdivision | Digital techniques. |
| 650 #0 - SUBJECT ADDED ENTRY--TOPICAL TERM | |
| Topical term or geographic name as entry element | Diabetic retinopathy |
| General subdivision | Imaging |
| -- | Data processing. |
| 655 #7 - INDEX TERM--GENRE/FORM | |
| Genre/form data or focus term | Electronic books. |
| Source of term | lcsh |
| 700 1# - ADDED ENTRY--PERSONAL NAME | |
| Personal name | Jelinek, Herbert. |
| 700 1# - ADDED ENTRY--PERSONAL NAME | |
| Personal name | Cree, Michael J. |
| 776 1# - ADDITIONAL PHYSICAL FORM ENTRY | |
| International Standard Book Number | 9780849375569 |
| 856 40 - ELECTRONIC LOCATION AND ACCESS | |
| Uniform Resource Identifier | <a href="http://marc.crcnetbase.com/isbn/9781420037005">http://marc.crcnetbase.com/isbn/9781420037005</a> |
| Electronic format type | application/PDF |
No items available.
